000 00682cam a2200217 a 4500
001 3856030
005 20241217150340.0
008 880613s1989 nyua j b 001 0 eng
020 _a0791000133
050 0 0 _aQP103
_b.A94 1989
082 0 0 _a612.1
_219
100 1 _aAvraham, Regina.
245 1 4 _aThe circulatory system /
_cRegina Avraham ; introduction by C. Everett Koop.
260 _aNew York :
_bChelsea House Publishers,
_cc1989.
300 _a110 p. :
_bill. ;
_c24 cm.
440 4 _aThe Encyclopedia of health.
_pHealthy body
500 _aIncludes index.
650 0 _aCardiovascular system
_xJuvenile literature.
650 1 _aCirculatory system.
942 _2lcc
_cBK
_n0
999 _c2424
_d2424